000 00630nam a2200229 a 4500
008
020 _a0750639342 (cased)
049 _aMAIN
090 _aTS155.8
_bPAR
100 1 _aParr, E.A.
245 1 0 _aIndustrial control handbook /
_cE.A. Parr.
250 _a3rd ed.
260 _aOxford :
_bNewnes,
_c1998.
300 _axix, 802 p. :
_bill. ;
_c24 cm.
500 _aIncludes index.
650 0 _aProcess control
_xHandbooks, manuals, etc.
907 _a.b10028031
_b13-09-12
_c17-04-03
003
005 20230123133448.0
040 _cNUST
942 _cBOOKS
_kTS155.8
_mPAR
999 _c148996
_d148996